The Beginning of Terror (Record no. 351557)
[ view plain ]
| 000 -LEADER | |
|---|---|
| fixed length control field | 00524nam a2200121Ia 4500 |
| 008 - FIXED-LENGTH DATA ELEMENTS--GENERAL INFORMATION | |
| fixed length control field | 171212s9999 xx 000 0 und d |
| 100 ## - MAIN ENTRY--PERSONAL NAME | |
| Personal name | Kleinbard, David |
| 245 ## - TITLE STATEMENT | |
| Statement of responsibility, etc | Kleinbard, David |
| Title | The Beginning of Terror |
| Remainder of title | A Psychological Study of Rainer Maria Rilke's Life and Work |
| 260 ## - PUBLICATION, DISTRIBUTION, ETC. (IMPRINT) | |
| Name of publisher, distributor, etc | New York University Press |
| Date of publication, distribution, etc | 1993 |
| 650 ## - SUBJECT ADDED ENTRY--TOPICAL TERM | |
| Topical term or geographic name as entry element | Language & Literature |
| 650 ## - SUBJECT ADDED ENTRY--TOPICAL TERM | |
| Topical term or geographic name as entry element | Rilke, Rainer Maria, 1875-1926 -- Biography -- Psychology; Authors, German -- 20th century -- Biography |
| 856 ## - ELECTRONIC LOCATION AND ACCESS | |
| Uniform Resource Identifier | <a href="http://www.jstor.org/stable/j.ctt9qg3dx">http://www.jstor.org/stable/j.ctt9qg3dx</a> |
| Withdrawn status | Lost status | Damaged status | Home library | Current library | Date acquired | Total Checkouts | Full call number | Date last seen | Price effective from | Koha item type |
|---|---|---|---|---|---|---|---|---|---|---|
| College Library | College Library | 12/12/2017 | PT 2635.I65 Z753 1993 | 12/12/2017 | 12/12/2017 | Curriculum - Based eBooks |